[Event "Bundesliga B Mitte 2008/2009"]
[Site "Leoben"]
[Date "2009.02.01"]
[Round "6"]
[Board "5"]
[White "Halvax, Georg"]
[Black "Heimberger, Reinhard"]
[Result "0-1"]
[WhiteElo "2187"]
[BlackElo "2256"]
[PlyCount "158"]
[EventDate "2008.10.11"]
[EventType "team"]
[EventRounds "11"]
[EventCountry "AUT"]
[WhiteTeam "Kl. Zeitung MPOE Maria Saal"]
[BlackTeam "ASK St. Valentin"]

1.e4 c5 2.Nf3 e6 3.d4 cxd4 4.Nxd4 Nf6 5.Nc3 d6 6.Be3 a6 7.g4 h6 8.Qf3 Qc7 9.Bg2
Nbd7 10.Qh3 h5 11.g5 Ng4 12.g6 Nde5 13.gxf7+ Qxf7 14.O-O-O Nc4 15.Qg3 Ncxe3
16.fxe3 Qf2 17.Rde1 Be7 18.Bf3 Qxg3 19.hxg3 Rh6 20.Kd2 Bd7 21.Nde2 Ne5 22.Bxh5+
g6 23.Bxg6+ Rxg6 24.Rh8+ Bf8 25.Rf1 Nf7 26.Rh2 Bh6 27.Nf4 Bxf4 28.gxf4 O-O-O
29.Kd3 Rdg8 30.Rfh1 Bc6 31.Ne2 Kd7 32.Nd4 Rg1 33.Rxg1 Rxg1 34.Rh7 Ke7 35.Nf3 Rg8
36.b3 Rh8 37.Rg7 Kf6 38.Rg3 Nh6 39.Rh3 Nf7 40.Rg3 Rh1 41.a4 Rh6 42.Rg8 Rg6
43.Rf8 Ke7 44.Rc8 Rg3 45.Rc7+ Kd8 46.Rxf7 Rxf3 47.Rg7 Rh3 48.Kd4 Rh1 49.Kd3 Rh8
50.Kd4 Re8 51.e5 Re7 52.Rxe7 Kxe7 53.exd6+ Kxd6 54.a5 Bf3 55.b4 Bd1 56.c4 Be2
57.e4 Bf1 58.e5+ Kc6 59.Kc3 Bh3 60.Kb3 b5 61.axb6 Kxb6 62.Ka4 Bf5 63.c5+ Kc6
64.Kb3 Kb5 65.Kc3 a5 66.bxa5 Kxc5 67.a6 Kb6 68.Kb4 Kxa6 69.Kc5 Ka5 70.Kc4 Kb6
71.Kb4 Kc6 72.Kc4 Bg4 73.Kd4 Kb5 74.Kc3 Kc5 75.Kd3 Bf5+ 76.Ke3 Kc4 77.Ke2 Kd4
78.Kf3 Kd3 79.Kf2 Ke4

[Event "Bundesliga B Mitte 2008/2009"]
[Site "Leoben"]
[Date "2009.02.01"]
[Round "6"]
[Board "6"]
[White "Trauner, Rudolf"]
[Black "Hartl, Daniel"]
[Result "1-0"]
[WhiteElo "2213"]
[BlackElo "2188"]
[PlyCount "67"]
[EventDate "2008.10.11"]
[EventType "team"]
[EventRounds "11"]
[EventCountry "AUT"]
[WhiteTeam "ASK St. Valentin"]
[BlackTeam "Kl. Zeitung MPOE Maria Saal"]

1.d4 d5 2.Bf4 Nf6 3.e3 Bf5 4.c4 c6 5.Nc3 e6 6.Nf3 Nbd7 7.Be2 Nh5 8.Bg3 Nxg3
9.hxg3 Be7 10.Qb3 Qb6 11.Qxb6 Nxb6 12.c5 Nd7 13.Kd2 e5 14.Rhc1 exd4 15.exd4 b5
16.Bd3 Be6 17.Re1 Kd8 18.a4 b4 19.Na2 a5 20.Nc1 Nxc5 21.dxc5 Bxc5 22.Re2 Bb6
23.Ng5 Kd7 24.Nxe6 fxe6 25.f3 c5 26.Bb5+ Kd6 27.Nd3 c4 28.Ne5 Ra7 29.Rae1 Rc8
30.Nc6 Rac7 31.Rxe6+ Kc5 32.Ne5 Rd8 33.Rc1 Rd6 34.Nd3+

[Event "Bundesliga B Mitte 2008/2009"]
[Site "Leoben"]
[Date "2009.02.01"]
[Round "6"]
[Board "1"]
[White "Sebenik, Matej"]
[Black "Wittmann, Walter"]
[Result "1-0"]
[WhiteElo "2482"]
[BlackElo "2269"]
[PlyCount "65"]
[EventDate "2008.10.11"]
[EventType "team"]
[EventRounds "11"]
[EventCountry "AUT"]
[WhiteTeam "SV Raika Rapid Feffernitz"]
[BlackTeam "Union Styria Kleine Zeitung Graz"]

1.c4 c5 2.Nf3 Nc6 3.d4 cxd4 4.Nxd4 e5 5.Nb5 a6 6.Nd6+ Bxd6 7.Qxd6 Qf6 8.Qd2 Nge7
9.Nc3 O-O 10.g3 Rb8 11.Bg2 Nd4 12.f4 d6 13.O-O Be6 14.b3 exf4 15.Bb2 Ndf5
16.gxf4 Qh6 17.e4 Nh4 18.Rf2 Nxg2 19.Rxg2 Bh3 20.Nd5 Ng6 21.Ne7+ Nxe7 22.Rxg7+
Qxg7+ 23.Bxg7 Kxg7 24.Qc3+ f6 25.Qxh3 Ng6 26.Qf5 Kh8 27.Rd1 Nh4 28.Qh3 Rg8+
29.Kf2 Ng6 30.Qf5 Rbf8 31.Rxd6 Nh4 32.Qh3 Ng6 33.Rd7

[Event "Bundesliga B Mitte 2008/2009"]
[Site "Leoben"]
[Date "2009.02.01"]
[Round "6"]
[Board "2"]
[White "Pirker, Christian"]
[Black "Gostisa, Leon"]
[Result "0-1"]
[WhiteElo "2120"]
[BlackElo "2413"]
[PlyCount "120"]
[EventDate "2008.10.11"]
[EventType "team"]
[EventRounds "11"]
[EventCountry "AUT"]
[WhiteTeam "Union Styria Kleine Zeitung Graz"]
[BlackTeam "SV Raika Rapid Feffernitz"]

1.Nf3 c5 2.e3 Nf6 3.b3 g6 4.Bb2 Bg7 5.d4 cxd4 6.exd4 d5 7.Nbd2 Nc6 8.Bb5 O-O
9.O-O Qb6 10.Qe2 Bf5 11.c3 Rfe8 12.Ne5 Nd7 13.Ndf3 Rad8 14.Rfd1 Ndxe5 15.Nxe5 f6
16.Nxc6 bxc6 17.Bd3 Bc8 18.c4 e5 19.dxe5 d4 20.c5 Qxc5 21.Rac1 Qxe5 22.Qxe5 fxe5
23.Be4 Bh6 24.Rc5 Bg4 25.f3 Bd7 26.Bc1 Bf8 27.Ra5 Ra8 28.Bd2 Bd6 29.Ra6 Bc5
30.Rxc6 Bxc6 31.Bxc6 Kf7 32.Bxa8 Rxa8 33.Rc1 Ba3 34.Rc6 a5 35.Kf2 Bb4 36.Ke2 Ra7
37.Bg5 a4 38.bxa4 Rxa4 39.Rc7+ Ke6 40.Rxh7 Rxa2+ 41.Kd3 Rxg2 42.f4 Bd6 43.fxe5
Bxe5 44.h4 Rg3+ 45.Ke4 Rg4+ 46.Kd3 Bd6 47.Rg7 Kf5 48.Ra7 Ke6 49.Rg7 Kd5 50.Rxg6
Rg3+ 51.Ke2 Bc5 52.Rf6 d3+ 53.Kd1 Bb4 54.Rf1 Rg2 55.Bc1 Rh2 56.Bg5 Kc4 57.Rf4+
Kb3 58.Rf1 Bc3 59.Bf6 Ra2 60.Bxc3 Kxc3

[Event "Bundesliga B Mitte 2008/2009"]
[Site "Leoben"]
[Date "2009.02.01"]
[Round "6"]
[Board "3"]
[White "Jeric, Simon"]
[Black "Hatzl, Stefan"]
[Result "1-0"]
[WhiteElo "2279"]
[BlackElo "2148"]
[PlyCount "35"]
[EventDate "2008.10.11"]
[EventType "team"]
[EventRounds "11"]
[EventCountry "AUT"]
[WhiteTeam "SV Raika Rapid Feffernitz"]
[BlackTeam "Union Styria Kleine Zeitung Graz"]

1.e4 e6 2.d4 d5 3.e5 c5 4.c3 Nc6 5.Nf3 Bd7 6.Be2 cxd4 7.cxd4 Nh6 8.O-O Nf5 9.Nc3
a6 10.Be3 Rc8 11.Bd3 g6 12.Bxf5 gxf5 13.Ng5 h6 14.Qh5 hxg5 15.Qxh8 f4 16.g3 fxe3
17.fxe3 Qb6 18.Rxf7

[Event "Bundesliga B Mitte 2008/2009"]
[Site "Leoben"]
[Date "2009.02.01"]
[Round "6"]
[Board "4"]
[White "Spirk, Stefan"]
[Black "Kavcic, Zan"]
[Result "1-0"]
[WhiteElo "2128"]
[BlackElo "2335"]
[PlyCount "71"]
[EventDate "2008.10.11"]
[EventType "team"]
[EventRounds "11"]
[EventCountry "AUT"]
[WhiteTeam "Union Styria Kleine Zeitung Graz"]
[BlackTeam "SV Raika Rapid Feffernitz"]

1.c4 c5 2.Nf3 Nc6 3.g3 g6 4.Bg2 Bg7 5.O-O e6 6.Nc3 Nge7 7.d3 O-O 8.Rb1 d5 9.cxd5
exd5 10.Bf4 a6 11.Qd2 Re8 12.Bh6 Bh8 13.h4 Nf5 14.Bg5 f6 15.Bf4 Be6 16.Rfd1 Rc8
17.Kh2 b5 18.e4 dxe4 19.dxe4 Qxd2 20.Rxd2 Nfd4 21.Nxd4 Nxd4 22.Nd5 Bg4 23.Rd3 f5
24.e5 Bxe5 25.Re1 Bg7 26.Re7 Rcd8 27.Bc7 Rc8 28.Rde3 Rf8 29.Nb6 f4 30.Bxf4 Nf5
31.Nxc8 Nxe3 32.Bxe3 Rxc8 33.Bd5+ Kh8 34.Bb7 Rd8 35.Bxc5 Bd4 36.b4

[Event "Bundesliga B Mitte 2008/2009"]
[Site "Leoben"]
[Date "2009.02.01"]
[Round "6"]
[Board "5"]
[White "Tschohl, Christof"]
[Black "Frank, Paul"]
[Result "0-1"]
[WhiteElo "2185"]
[BlackElo "2249"]
[PlyCount "128"]
[EventDate "2008.10.11"]
[EventType "team"]
[EventRounds "11"]
[EventCountry "AUT"]
[WhiteTeam "SV Raika Rapid Feffernitz"]
[BlackTeam "Union Styria Kleine Zeitung Graz"]

1.e4 c5 2.c3 g6 3.d4 cxd4 4.cxd4 d5 5.e5 Bg7 6.Nc3 Nc6 7.Bb5 Nh6 8.Qa4 Bd7
9.Nxd5 a6 10.Be2 Nf5 11.Qd1 Nfxd4 12.Be3 Qa5+ 13.Nc3 Nxe2 14.Ngxe2 Nxe5 15.O-O
Bc6 16.Qb3 Ng4 17.Bf4 O-O 18.h3 Nh6 19.Ng3 Nf5 20.Rfe1 Nd4 21.Qd1 Rad8 22.Qc1
Rd7 23.Rb1 Rc8 24.Bh6 Bh8 25.Qf4 Nf5 26.Nxf5 Qxf5 27.Qxf5 gxf5 28.Re3 Rd6 29.Bf4
Rg6 30.g3 Bf6 31.h4 Bxh4 32.Rd1 Re8 33.Nd5 e6 34.Kf1 Bd8 35.Nc7 Bxc7 36.Bxc7 Rh6
37.Ke2 Bb5+ 38.Kf3 Rc8 39.Rd8+ Rxd8 40.Bxd8 Bc6+ 41.Ke2 Rh1 42.Bf6 h6 43.a3 Kh7
44.Bd4 Kg6 45.Kd2 h5 46.Re1 Rxe1 47.Kxe1 Kg5 48.Ke2 f4 49.Be5 fxg3 50.fxg3 f6
51.Bd6 h4 52.gxh4+ Kxh4 53.Be7 Kg5 54.Ke3 e5 55.Bd8 Kf5 56.Bc7 Ke6 57.Bd8 f5
58.Bc7 f4+ 59.Kf2 Kf5 60.Bd6 e4 61.Ke2 Bb5+ 62.Kf2 e3+ 63.Kf3 Bc6+ 64.Ke2 Ke4

[Event "Bundesliga B Mitte 2008/2009"]
[Site "Leoben"]
[Date "2009.02.01"]
[Round "6"]
[Board "6"]
[White "Hatzl, Johannes"]
[Black "Reiss, Georg"]
[Result "1/2-1/2"]
[WhiteElo "2118"]
[BlackElo "2131"]
[PlyCount "116"]
[EventDate "2008.10.11"]
[EventType "team"]
[EventRounds "11"]
[EventCountry "AUT"]
[WhiteTeam "Union Styria Kleine Zeitung Graz"]
[BlackTeam "SV Raika Rapid Feffernitz"]

1.e4 c5 2.c3 Nf6 3.e5 Nd5 4.d4 cxd4 5.cxd4 Nc6 6.Nc3 Nxc3 7.bxc3 d6 8.f4 d5
9.Bd3 g6 10.Nf3 Bg7 11.O-O O-O 12.Nh4 f5 13.Nf3 Na5 14.Qe2 Qc7 15.Ba3 Rd8
16.Rac1 Nc4 17.Bxc4 dxc4 18.Ng5 h6 19.Nf3 b5 20.Nh4 Kh7 21.Qf3 Be6 22.Qg3 Bf7
23.Rfd1 e6 24.Bd6 Qc6 25.Qf3 Qxf3 26.Nxf3 Bf8 27.Bxf8 Rxf8 28.Rb1 Rfb8 29.Rb2
Rb6 30.Kf2 Rab8 31.Rdb1 Be8 32.Nd2 Bc6 33.g3 Bd5 34.Ke3 g5 35.a3 Kg6 36.h4 g4
37.Ke2 Kf7 38.Ra1 Ke7 39.Rb4 Kd7 40.a4 a5 41.Rxb5 Rxb5 42.axb5 Rxb5 43.Ra4 Rb3
44.Nxc4 Rxc3 45.Ne3 Be4 46.Rxa5 Rb3 47.Ra7+ Kc6 48.Ra6+ Kd7 49.Ra2 Kc6 50.Ra6+
Kd7 51.Ra7+ Kc6 52.Re7 Bd5 53.Rh7 Rb2+ 54.Kd3 Rb3+ 55.Kd2 Rb2+ 56.Kc3 Rb3+
57.Kd2 Rb2+ 58.Kd3 Rb3+

[Event "Bundesliga B Mitte 2008/2009"]
[Site "Leoben"]
[Date "2009.02.01"]
[Round "6"]
[Board "1"]
[White "Mohr, Georg"]
[Black "Horvath, Csaba"]
[Result "1/2-1/2"]
[WhiteElo "2488"]
[BlackElo "2518"]
[PlyCount "27"]
[EventDate "2008.10.11"]
[EventType "team"]
[EventRounds "11"]
[EventCountry "AUT"]
[WhiteTeam "Strassenbahn Graz"]
[BlackTeam "SC Die Klagenfurter"]

1.c4 Nf6 2.Nf3 e6 3.g3 b6 4.Bg2 Bb7 5.O-O Be7 6.d4 O-O 7.Nc3 Ne4 8.Nxe4 Bxe4
9.Nh4 Bxg2 10.Nxg2 d5 11.Qc2 dxc4 12.Qxc4 c5 13.dxc5 Bxc5 14.Be3

[Event "Bundesliga B Mitte 2008/2009"]
[Site "Leoben"]
[Date "2009.02.01"]
[Round "6"]
[Board "2"]
[White "Horvath, Jozsef"]
[Black "Butunoi, Alexandru"]
[Result "1-0"]
[WhiteElo "2542"]
[BlackElo "2402"]
[PlyCount "38"]
[EventDate "2008.10.11"]
[EventType "team"]
[EventRounds "11"]
[EventCountry "AUT"]
[WhiteTeam "SC Die Klagenfurter"]
[BlackTeam "Strassenbahn Graz"]

1.d4 g6 2.e4 Bg7 3.c4 d6 4.Nc3 Nc6 5.d5 Nd4 6.Be3 c5 7.Nge2 Nxe2 8.Bxe2 Qa5
9.Rc1 a6 10.O-O Nf6 11.Qd2 O-O 12.Bh6 Rb8 13.Bxg7 Kxg7 14.f4 b5 15.e5 Ng8 16.b3
Nh6 17.Qb2 f6 18.Ne4 Qc7 19.cxb5 axb5 {and white wins at move 40}

[Event "Bundesliga B Mitte 2008/2009"]
[Site "Leoben"]
[Date "2009.02.01"]
[Round "6"]
[Board "3"]
[White "Supancic, Darko"]
[Black "Pilaj, Herwig"]
[Result "1/2-1/2"]
[WhiteElo "2377"]
[BlackElo "2393"]
[PlyCount "23"]
[EventDate "2008.10.11"]
[EventType "team"]
[EventRounds "11"]
[EventCountry "AUT"]
[WhiteTeam "Strassenbahn Graz"]
[BlackTeam "SC Die Klagenfurter"]

1.e4 c5 2.Nf3 d6 3.d4 cxd4 4.Nxd4 Nf6 5.f3 Nc6 6.c4 Nxd4 7.Qxd4 g6 8.Nc3 Bg7
9.Be3 O-O 10.Qd2 Bd7 11.Rc1 a5 12.b3

[Event "Bundesliga B Mitte 2008/2009"]
[Site "Leoben"]
[Date "2009.02.01"]
[Round "6"]
[Board "4"]
[White "Genser, Harald"]
[Black "Pesorda, Ivan"]
[Result "0-1"]
[WhiteElo "2314"]
[BlackElo "2270"]
[PlyCount "60"]
[EventDate "2008.10.11"]
[EventType "team"]
[EventRounds "11"]
[EventCountry "AUT"]
[WhiteTeam "SC Die Klagenfurter"]
[BlackTeam "Strassenbahn Graz"]

1.d4 Nf6 2.c4 c5 3.d5 e6 4.Nc3 exd5 5.cxd5 d6 6.Nf3 g6 7.Nd2 Bg7 8.e4 O-O 9.Be2
Na6 10.O-O Nc7 11.a4 b6 12.Rb1 Re8 13.f3 Nh5 14.Nc4 f5 15.g4 Bd4+ 16.Kh1 Nf6
17.Bf4 fxe4 18.Nxd6 Ncxd5 19.Nxd5 Nxd5 20.Bc4 Be6 21.Bxd5 Bxd5 22.Nxe8 Qxe8
23.Bg3 exf3 24.Bf2 Qe4 25.h3 Re8 26.Re1 Qe2 27.Qxd4 cxd4 28.Rxe2 Rxe2 29.Kg1 d3
30.Re1 d2

[Event "Bundesliga B Mitte 2008/2009"]
[Site "Leoben"]
[Date "2009.02.01"]
[Round "6"]
[Board "5"]
[White "Krebs, Johann"]
[Black "Petschar, Kurt"]
[Result "1-0"]
[WhiteElo "2234"]
[BlackElo "2267"]
[PlyCount "69"]
[EventDate "2008.10.11"]
[EventType "team"]
[EventRounds "11"]
[EventCountry "AUT"]
[WhiteTeam "Strassenbahn Graz"]
[BlackTeam "SC Die Klagenfurter"]

1.d4 d5 2.c4 c6 3.Nf3 Nf6 4.Nc3 e6 5.Bg5 dxc4 6.e4 b5 7.e5 h6 8.Bh4 g5 9.Nxg5
hxg5 10.Bxg5 Nbd7 11.exf6 Bb7 12.g3 c5 13.d5 Qb6 14.Bg2 O-O-O 15.O-O b4 16.Rb1
Qa6 17.dxe6 Bxg2 18.e7 Bxf1 19.Kxf1 Bxe7 20.fxe7 Rdg8 21.Ne4 Rxg5 22.Nxg5 Re8
23.Qe2 Qg6 24.Ne4 Rxe7 25.Re1 Kd8 26.Qxc4 Qg4 27.Re2 Qf3 28.Re3 Qh1+ 29.Ke2 Qxh2
30.Qd5 Re5 31.Qxf7 Qh1 32.Qf3 Qc1 33.Rd3 Qc4 34.Qf8+ Re8 35.Qxe8+

[Event "Bundesliga B Mitte 2008/2009"]
[Site "Leoben"]
[Date "2009.02.01"]
[Round "6"]
[Board "1"]
[White "Ennsberger, Ulrich"]
[Black "Horvath, Adam"]
[Result "1-0"]
[WhiteElo "2315"]
[BlackElo "2519"]
[PlyCount "63"]
[EventDate "2008.10.11"]
[EventType "team"]
[EventRounds "11"]
[EventCountry "AUT"]
[WhiteTeam "Schachgemeinschaft Voecklabruck"]
[BlackTeam "RbEJ Volksbank Gleisdorf"]

1.d4 Nf6 2.Bg5 e6 3.e4 h6 4.Bxf6 Qxf6 5.Nc3 d6 6.Qd2 c6 7.f4 g5 8.g3 gxf4
9.O-O-O e5 10.gxf4 exd4 11.Qxd4 Qxf4+ 12.Kb1 Rg8 13.Bc4 Be6 14.Rf1 Bg7 15.Qd3
Qe5 16.Nf3 Bxc4 17.Qxc4 Qe6 18.Qd3 Nd7 19.Nd4 Bxd4 20.Qxd4 Ne5 21.Rf5 Rg5 22.b3
b6 23.Rhf1 O-O-O 24.a4 Kb7 25.Rf6 Qh3 26.a5 b5 27.Kb2 Ka6 28.Na2 Rg2 29.Nb4+ Kb7
30.a6+ Kb8 31.Rxd6 Re8 32.Rf5

[Event "Bundesliga B Mitte 2008/2009"]
[Site "Leoben"]
[Date "2009.02.01"]
[Round "6"]
[Board "2"]
[White "Horvath, Tamas"]
[Black "Rolletschek, Heinrich"]
[Result "1-0"]
[WhiteElo "2416"]
[BlackElo "2222"]
[PlyCount "73"]
[EventDate "2008.10.11"]
[EventType "team"]
[EventRounds "11"]
[EventCountry "AUT"]
[WhiteTeam "RbEJ Volksbank Gleisdorf"]
[BlackTeam "Schachgemeinschaft Voecklabruck"]

1.e4 e5 2.Nf3 Nc6 3.Bb5 a6 4.Ba4 d6 5.O-O Bd7 6.c3 g6 7.d4 Bg7 8.Be3 Nge7 9.d5
Nb8 10.c4 O-O 11.Bxd7 Nxd7 12.Nc3 h6 13.Nd2 f5 14.f3 c5 15.dxc6 bxc6 16.Nb3 Nf6
17.Qd2 fxe4 18.Nxe4 Nf5 19.Rad1 d5 20.Nxf6+ Rxf6 21.cxd5 cxd5 22.Bf2 Rd6 23.Rfe1
Rc8 24.Nc5 Qc7 25.b4 h5 26.Qd3 Qc6 27.a4 d4 28.Rb1 Kh7 29.Ne4 Rd7 30.Qa3 Nd6
31.Nc5 Re7 32.Bxd4 Nc4 33.Qa2 Qd5 34.Bf2 Rd8 35.Rbc1 Nb6 36.Qxd5 Rxd5 37.a5

[Event "Bundesliga B Mitte 2008/2009"]
[Site "Leoben"]
[Date "2009.02.01"]
[Round "6"]
[Board "3"]
[White "Hofmair, Klaus"]
[Black "Meszaros, Tamas"]
[Result "0-1"]
[WhiteElo "2250"]
[BlackElo "2434"]
[PlyCount "64"]
[EventDate "2008.10.11"]
[EventType "team"]
[EventRounds "11"]
[EventCountry "AUT"]
[WhiteTeam "Schachgemeinschaft Voecklabruck"]
[BlackTeam "RbEJ Volksbank Gleisdorf"]

1.c4 e5 2.Nc3 Nf6 3.g3 Bb4 4.Bg2 O-O 5.Nf3 Re8 6.O-O e4 7.Nd4 Nc6 8.Nc2 Bxc3
9.dxc3 h6 10.Ne3 d6 11.h3 Be6 12.b3 Ne7 13.Qc2 Qd7 14.Kh2 Nf5 15.Rd1 Nxe3
16.Bxe3 Bf5 17.Rd4 Bg6 18.Qd2 Re5 19.f3 exf3 20.exf3 Rae8 21.Bg1 Re2 22.Qd1 Qf5
23.Kh1 Nh5 24.Bh2 Qe5 25.Rd2 Rxd2 26.Qxd2 Nxg3+ 27.Kg1 Ne2+ 28.Kh1 Ng3+ 29.Kg1
Qc5+ 30.Qf2 Ne2+ 31.Kf1 Qa5 32.f4 Qxc3

[Event "Bundesliga B Mitte 2008/2009"]
[Site "Leoben"]
[Date "2009.02.01"]
[Round "6"]
[Board "4"]
[White "Sandhu, Mario"]
[Black "Gneiss, Karl"]
[Result "1/2-1/2"]
[WhiteElo "2292"]
[BlackElo "2119"]
[PlyCount "70"]
[EventDate "2008.10.11"]
[EventType "team"]
[EventRounds "11"]
[EventCountry "AUT"]
[WhiteTeam "RbEJ Volksbank Gleisdorf"]
[BlackTeam "Schachgemeinschaft Voecklabruck"]

1.e4 c5 2.Nf3 g6 3.d4 cxd4 4.Qxd4 Nf6 5.e5 Nc6 6.Qc3 Nd5 7.Qb3 Nc7 8.Ng5 Ne6
9.Nxe6 dxe6 10.f4 Bh6 11.Be3 O-O 12.Nd2 Qd5 13.c4 Qa5 14.O-O-O Rd8 15.Ne4 Rxd1+
16.Kxd1 Bd7 17.Be2 Nd4 18.Qc3 Qa4+ 19.b3 Nxe2 20.Qc2 Qb4 21.Kxe2 Bc6 22.Rd1 a5
23.Rd4 a4 24.Qd2 Qxd2+ 25.Bxd2 axb3 26.axb3 f5 27.Nc5 Bxg2 28.Nxe6 Kf7 29.Nc5
Ra7 30.Kd3 Bg7 31.Rd8 g5 32.e6+ Kg6 33.fxg5 Be5 34.h4 f4 35.Rf8 Bd6

[Event "Bundesliga B Mitte 2008/2009"]
[Site "Leoben"]
[Date "2009.02.01"]
[Round "6"]
[Board "5"]
[White "Mittendorfer, Josef"]
[Black "Wanderer, Thomas"]
[Result "0-1"]
[WhiteElo "2101"]
[BlackElo "2235"]
[PlyCount "116"]
[EventDate "2008.10.11"]
[EventType "team"]
[EventRounds "11"]
[EventCountry "AUT"]
[WhiteTeam "Schachgemeinschaft Voecklabruck"]
[BlackTeam "RbEJ Volksbank Gleisdorf"]

1.d4 Nf6 2.c4 e6 3.g3 Bb4+ 4.Bd2 Be7 5.Bg2 d5 6.Nf3 O-O 7.O-O Ne4 8.Qc2 Nd7
9.Bf4 c6 10.Ne5 f5 11.f3 Nd6 12.Nd2 Nf6 13.Rad1 Nh5 14.Be3 f4 15.Bf2 Bd7 16.e4
fxe3 17.Bxe3 Rc8 18.c5 Nf7 19.Nxf7 Rxf7 20.f4 Nf6 21.Nf3 Ng4 22.Bc1 Rf8 23.Rde1
Nh6 24.Re2 g6 25.Rfe1 Bf6 26.Qd3 b6 27.b4 a5 28.Bd2 axb4 29.Bxb4 Be7 30.Qc3 b5
31.Ne5 Bf6 32.Bh3 Nf5 33.g4 Ng7 34.Ba5 Qe7 35.f5 gxf5 36.gxf5 Bxe5 37.fxe6 Nxe6
38.Rxe5 Qg7+ 39.Kh1 Nf4 40.Rg1 Ng6 41.Bxd7 Qxd7 42.Qc2 Qf7 43.Re3 Rce8 44.Reg3
Re6 45.h4 Re4 46.Qh2 Kh8 47.Rh3 h5 48.Bc7 Kh7 49.Bd6 Rfe8 50.Qg3 Qf5 51.Qa3 Rxd4
52.Rh2 Rd3 53.Qa7+ Re7 54.Qb8 Rg7 55.Qe8 Rd4 56.Qxc6 Qf3+ 57.Rhg2 Nxh4 58.Bf8
Nxg2

[Event "Bundesliga B Mitte 2008/2009"]
[Site "Voecklabruck"]
[Date "2009.03.07"]
[Round "7"]
[Board "1"]
[White "Horvath, Adam"]
[Black "Pinter, Jozsef"]
[Result "1/2-1/2"]
[WhiteElo "2519"]
[BlackElo "2541"]
[PlyCount "49"]
[EventDate "2008.10.11"]
[EventType "team"]
[EventRounds "11"]
[EventCountry "AUT"]
[WhiteTeam "RbEJ Volksbank Gleisdorf"]
[BlackTeam "Schachklub Sparkasse Fuerstenfeld"]

1.e4 e5 2.Nf3 Nc6 3.Bc4 Bc5 4.d3 Nf6 5.c3 d6 6.Bb3 a6 7.Nbd2 Ba7 8.Nf1 Be6 9.Ng3
O-O 10.O-O Qd7 11.Bg5 Ne8 12.Qe2 h6 13.Be3 Nf6 14.h3 Rfe8 15.Bxe6 fxe6 16.Bxa7
Nxa7 17.d4 exd4 18.cxd4 Nc6 19.Rad1 Qf7 20.Rfe1 Nh5 21.Nxh5 Qxh5 22.Qc4 Qf7
23.a3 Re7 24.d5 exd5 25.exd5

[Event "Bundesliga B Mitte 2008/2009"]
[Site "Voecklabruck"]
[Date "2009.03.07"]
[Round "7"]
[Board "2"]
[White "Schenk, Andreas"]
[Black "Horvath, Tamas"]
[Result "1/2-1/2"]
[WhiteElo "2507"]
[BlackElo "2416"]
[PlyCount "35"]
[EventDate "2008.10.11"]
[EventType "team"]
[EventRounds "11"]
[EventCountry "AUT"]
[WhiteTeam "Schachklub Sparkasse Fuerstenfeld"]
[BlackTeam "RbEJ Volksbank Gleisdorf"]

1.d4 Nf6 2.c4 e6 3.Nc3 Bb4 4.Qc2 c5 5.dxc5 Qc7 6.Nf3 Bxc5 7.g3 a6 8.Bf4 d6 9.Bg2
b6 10.O-O e5 11.Bd2 Be6 12.Rfc1 O-O 13.Nh4 Nc6 14.Nd5 Qd8 15.Nf5 Bxd5 16.cxd5
Nd4 17.Nxd4 exd4 18.b4

[Event "Bundesliga B Mitte 2008/2009"]
[Site "Voecklabruck"]
[Date "2009.03.07"]
[Round "7"]
[Board "3"]
[White "Meszaros, Tamas"]
[Black "Kuba, Guenter"]
[Result "0-1"]
[WhiteElo "2434"]
[BlackElo "2397"]
[PlyCount "68"]
[EventDate "2008.10.11"]
[EventType "team"]
[EventRounds "11"]
[EventCountry "AUT"]
[WhiteTeam "RbEJ Volksbank Gleisdorf"]
[BlackTeam "Schachklub Sparkasse Fuerstenfeld"]

1.e4 e5 2.Nf3 Nc6 3.Bc4 Bc5 4.c3 Nf6 5.d4 exd4 6.e5 d5 7.Bb5 Ne4 8.cxd4 Bb6
9.Nc3 O-O 10.Be3 Bg4 11.Qc2 Nxc3 12.bxc3 f6 13.exf6 Qxf6 14.Be2 Rae8 15.O-O Ne7
16.Ne5 Bxe2 17.Qxe2 Qe6 18.a4 c6 19.Qb2 Rb8 20.Rae1 Ng6 21.Bc1 Bc7 22.f4 a5
23.Qc2 Nxe5 24.dxe5 g6 25.h3 h5 26.Qe2 Rbe8 27.g4 hxg4 28.hxg4 g5 29.f5 Qxe5
30.Qxe5 Bxe5 31.Bxg5 Bxc3 32.Re7 Rxe7 33.Bxe7 Re8 34.f6 Kf7

[Event "Bundesliga B Mitte 2008/2009"]
[Site "Voecklabruck"]
[Date "2009.03.07"]
[Round "7"]
[Board "4"]
[White "Wach, Markus"]
[Black "Sandhu, Mario"]
[Result "0-1"]
[WhiteElo "2377"]
[BlackElo "2292"]
[PlyCount "80"]
[EventDate "2008.10.11"]
[EventType "team"]
[EventRounds "11"]
[EventCountry "AUT"]
[WhiteTeam "Schachklub Sparkasse Fuerstenfeld"]
[BlackTeam "RbEJ Volksbank Gleisdorf"]

1.e4 c6 2.d4 d5 3.exd5 cxd5 4.c4 Nf6 5.Nc3 Nc6 6.Bg5 Qa5 7.Qd2 dxc4 8.Bxc4 Qb4
9.Bb5 a6 10.Bxc6+ bxc6 11.Nf3 e6 12.Bxf6 gxf6 13.O-O Bb7 14.a3 Qa5 15.Qf4 Be7
16.b4 Qd8 17.Ne4 O-O 18.Nc5 Bc8 19.Rac1 a5 20.Rc3 axb4 21.axb4 Kh8 22.Qe4 Ba6
23.Re1 Qd5 24.Qh4 Rg8 25.Ne4 Rg6 26.Rc5 Qd8 27.Rh5 Qg8 28.Kh1 Bc4 29.Ne5 fxe5
30.Qxe7 Rxg2 31.Qf6+ Qg7 32.f3 exd4 33.Qf4 Re2 34.Rxh7+ Qxh7 35.Qf6+ Kg8 36.Qg5+
Qg6 37.Nf6+ Kh8 38.Qh4+ Kg7 39.Rxe2 Bxe2 40.Nh5+ Kf8

[Event "Bundesliga B Mitte 2008/2009"]
[Site "Voecklabruck"]
[Date "2009.03.07"]
[Round "7"]
[Board "5"]
[White "Perhinig, Robert"]
[Black "Kilgus, Georg"]
[Result "0-1"]
[WhiteElo "2300"]
[BlackElo "2349"]
[PlyCount "23"]
[EventDate "2008.10.11"]
[EventType "team"]
[EventRounds "11"]
[EventCountry "AUT"]
[WhiteTeam "RbEJ Volksbank Gleisdorf"]
[BlackTeam "Schachklub Sparkasse Fuerstenfeld"]

1.d4 Nf6 2.c4 e6 3.Nf3 c5 4.Nc3 cxd4 5.Nxd4 Nc6 6.g3 Qb6 7.Nb3 Ne5 8.Bg2 Nxc4
9.O-O Be7 10.Qc2 Qa6 11.e4 d6 12.Qe2 {and black wins at move 45!}

[Event "Bundesliga B Mitte 2008/2009"]
[Site "Voecklabruck"]
[Date "2009.03.07"]
[Round "7"]
[Board "6"]
[White "Poetz, Florian"]
[Black "Frosch, Ronald"]
[Result "1-0"]
[WhiteElo "2227"]
[BlackElo "2230"]
[PlyCount "59"]
[EventDate "2008.10.11"]
[EventType "team"]
[EventRounds "11"]
[EventCountry "AUT"]
[WhiteTeam "Schachklub Sparkasse Fuerstenfeld"]
[BlackTeam "RbEJ Volksbank Gleisdorf"]

1.e4 d6 2.d4 Nf6 3.Nc3 g6 4.f4 Bg7 5.Nf3 O-O 6.Bd3 c6 7.O-O Qc7 8.Qe1 a5 9.Qh4
b5 10.f5 e5 11.dxe5 dxe5 12.Bh6 Nbd7 13.Bxg7 Kxg7 14.g4 h6 15.fxg6 fxg6 16.g5
Ng8 17.gxh6+ Nxh6 18.Qg3 Rf4 19.h3 Qd6 20.Rad1 Nf7 21.Kh2 Nf6 22.Bc4 Nh5 23.Qg1
Qf6 24.Bxf7 Kxf7 25.Qg2 Rxf3 26.Qxf3 Nf4 27.Ne2 g5 28.Nxf4 gxf4 29.Qh5+ Ke7
30.Qh7+

[Event "Bundesliga B Mitte 2008/2009"]
[Site "Voecklabruck"]
[Date "2009.03.07"]
[Round "7"]
[Board "2"]
[White "Velicka, Petr"]
[Black "Horvath, Jozsef"]
[Result "1/2-1/2"]
[WhiteElo "2464"]
[BlackElo "2542"]
[PlyCount "39"]
[EventDate "2008.10.11"]
[EventType "team"]
[EventRounds "11"]
[EventCountry "AUT"]
[WhiteTeam "Schachgemeinschaft Voecklabruck"]
[BlackTeam "SC Die Klagenfurter"]

1.e4 c5 2.Nf3 g6 3.c4 Bg7 4.d4 Qb6 5.dxc5 Qxc5 6.Be2 Nc6 7.O-O d6 8.a3 Bg4 9.Be3
Qa5 10.Ra2 Bxf3 11.Bxf3 Bh6 12.b4 Qc7 13.Bxh6 Nxh6 14.Nc3 O-O 15.Nd5 Qd8 16.Rd2
Kg7 17.Ne3 Qc7 18.Nd5 Qd8 19.Ne3 Qc7 20.Nd5